000 01122nam a22003497a 4500
003 CHAP
005 20220329140403.0
008 971013s1966 r 00010 d
010 _a51261
011 _a52233
035 _a56383
040 _cCHAP
082 _a621.56
_bR6Y
100 0 0 _aRoger Homs, Luis.
_999053
245 _aManual práctico de refrigeración
250 _a2 ed.
260 _aBarcelona :
_bSintes,
_c1966
300 _a2 v.
_b: ilus.
490 _aSelecta enciclopedia práctica
_v; 72-75
590 _aBATCH-UPD
_b10
_c20130110
_lUCH01
_h0037
590 _aBATCH-UPD
_b10
_c20130110
_lUCH01
_h0819
590 _aBATCH-UPD
_b10
_c20130409
_lUCH01
_h2021
590 _aBATCH-UPD
_b10
_c20130410
_lUCH01
_h0456
590 _aBATCH-UPD
_b10
_c20130914
_lUCH01
_h1959
590 _aCONVERSION
_b10
_c20130109
_lUCH01
_h1328
650 1 4 _aRefrigeración.
_995611
830 0 _aSelecta enciclopedia práctica
_v; 72-75
_9103783
901 _aBK
942 _cLIBRO
949 _a621.56 R6Y
_bBC
_cLIBRO
_d-123181
_eLIBRO
_h23915
_i56383
_si
949 _a621.56 R6Y
_bBC
_cLIBRO
_d-123182
_eLIBRO
_fc.2
_h23916
_i56383
_si
999 _c51261
_d51261